| 000 | 00743nam a2200217 a 4500 | ||
|---|---|---|---|
| 001 | 74114 | ||
| 003 | BD-RjUL | ||
| 005 | 20211209082509.0 | ||
| 008 | 180228s2015 bg df||| b||| 000 0 ben d | ||
| 020 |
_a9789849132554 _cTk. 550.00 |
||
| 035 | _a(BD-RjUL)74332 | ||
| 040 |
_aBD-RjUL _beng _cBD-RjUL |
||
| 041 | _aben | ||
| 082 |
_223 _a954.92033 _bAHB 2015 |
||
| 245 | 1 | 0 |
_aবঙ্গাব্দের ইতিহাস / _cসাইদ আহমেদ, |
| 300 |
_a৩১০ পৃ. : _bছবি ; _c22 সেমি. |
||
| 504 | _aগ্রন্থপঞ্জি সম্বলিত | ||
| 650 |
_aবাংলা _vশতাব্দি _9220321 _xইতিইাস |
||
| 650 |
_aCalender _vBangla _xHistory _9220322 |
||
| 942 |
_2ddc _cBK |
||
| 999 |
_c74114 _d74114 |
||